000 00316nam a22001457a 4500
008 210310b ||||| |||| 00| 0 eng d
020 _a9780697005304
041 _aeng
080 _a579
082 _a579
100 _a11
101 _aMIK
245 _aFoundations in Microbiology
_cTalaro, K
942 _2udc
_cBK
999 _c56145
_d56145